Normal view
MARC view
- Basic Business Mathematics
Entry Topical Term
001 - CONTROL NUMBER
- control field: 127430
003 - CONTROL NUMBER IDENTIFIER
- control field: NUST
005 - DATE AND TIME OF LATEST TRANSACTION
- control field: 20250109095800.0
008 - FIXED-LENGTH DATA ELEMENTS
- fixed length control field: 250109|| aca||aabn | a|a d
040 ## - CATALOGING SOURCE
- Original cataloging agency: NUST
- Transcribing agency: NUST
150 ## - HEADING--TOPICAL TERM
- Topical term or geographic name entry element: Basic Business Mathematics
670 ## - SOURCE DATA FOUND
- Source citation: Work cat.: (NUST): Eugene Don 125338, Basic Business Mathematics , 2000.
